Oscar the first, (late king of Sweden and Norway,) and the penitentiary question (Record no. 167943)
[ view plain ]
| 000 -LEADER | |
|---|---|
| campo de control de longitud fija | 00841nam a2200169 i 4500 |
| 001 - NÚMERO DE CONTROL | |
| campo de control | 167943 |
| 003 - IDENTIFICADOR DE NÚMERO DE CONTROL | |
| campo de control | ES-MaACL |
| 005 - FECHA Y HORA DE LA ÚLTIMA TRANSACCIÓN | |
| campo de control | 20230906213632.0 |
| 008 - DATOS DE LONGITUD FIJA--INFORMACIÓN GENERAL | |
| campo de control de longitud fija | 051003s1878 xxk |||| | eng d |
| 100 1# - ENTRADA PRINCIPAL--NOMBRE DE PERSONA | |
| Nombre de persona | Wines, Enoch Cobb ( |
| Fechas asociadas al nombre | 1806-1879) |
| 9 (RLIN) | 117073 |
| 245 10 - MENCIÓN DEL TÍTULO | |
| Título | Oscar the first, (late king of Sweden and Norway,) and the penitentiary question |
| Resto del título | : remarks at the banquet given by Oscar the Second at the Palace of Drottningholm, Aug. 24, 1878, to the members of the International Prison Congress / |
| Mención de responsabilidad, etc. | by Wines. |
| 260 ## - PUBLICACIÓN, DISTRIBUCIÓN, ETC. | |
| Lugar de publicación, distribución, etc. | London : |
| Nombre del editor, distribuidor, etc. | Spottswoode & co., |
| Fecha de publicación, distribución, etc. | 1878. |
| 300 ## - DESCRIPCIÓN FÍSICA | |
| Extensión | 12 p. ; |
| Dimensiones | 22 cm. |
| 650 #4 - PUNTO DE ACCESO ADICIONAL DE MATERIA--TÉRMINO DE MATERIA | |
| Término de materia o nombre geográfico como elemento de entrada | Establecimientos penitenciarios- |
| Subdivisión de forma | Congresos y asambleas. |
| 9 (RLIN) | 163123 |
| 711 2# - ENTRADA AGREGADA--NOMBRE DE REUNIÓN | |
| Nombre de congreso/reunión o jurisdicción como elemento de entrada | Congreso Penitenciario Internacional ( |
| Fecha del congreso o de la firma del tratado | 1878. |
| Sede del congreso/Lugar de la reunión | Estocolmo) |
| 9 (RLIN) | 165779 |
| 852 ## - LOCALIZACIÓN | |
| Ubicación | ES-MaACL |
| Número de control de estantería | D-221(1) |
| Nota libre | - Enc. pasta española |
| -- | . - Donativo de Lastres, 1907 |
| Estatus retirado | Estado de pérdida | Estado de daño | No para préstamo | Colección | Biblioteca de origen | Biblioteca actual | Ubicación en estantería | Fecha de adquisición | Fuente de adquisición | Total de préstamos | Signatura topográfica completa | Código de barras | Visto por última vez | Precio de reemplazo | Tipo de ítem Koha |
|---|---|---|---|---|---|---|---|---|---|---|---|---|---|---|---|
| Libros del s. XIX | Biblioteca del Ateneo de Madrid | Biblioteca del Ateneo de Madrid | Sala Valle Inclán | 17/01/2008 | D-221(1) | 901176191 | 23/02/2023 | 23/02/2023 | Libro impreso antiguo |
